5 Most Famous Cities in Marshall Islands (maybe?) on a Map - Statistics

General Stats
  • This quiz has been taken 56 times
  • The average score is 2 of 5
Answers on the Map
Answers color-coded by a green-red scale on the quiz's map according to % correct below.
 
Answer Stats
Wiki Monthly Views Cityquiz Mention Rate Population Answers % Correct
18.79K 10.97% 30.00K Majuro
100%
24.11K - 0.06K Kwajalein
23%
2.48K - 0.42K Kili
15%
2.55K - 8.42K Ebeye
13%
1.16K - 0.26K Utirik
5%
No matching quizzes found
Score Distribution
Percent of People with Each Score
Percentile by Number Answered
Your Score History
You have not taken this quiz